000
00284nam a22001337a 4500
003
SGT
020
_a
9788120352131
082
_a
004.67,PAC
100
_a
PACHGHARE, V.K.
245
_a
CLOUD COMPUTING
260
_a
NEW DELHI
_b
PHI LEARNING
_c
2025
300
_a
298
942
_2
ddc
_c
BK
999
_c
33290
_d
33290